Statistiche per Riconosci la Squadra di calcio - Quiz n°191

Clicka qui per fare il quiz!

Statistiche generali

  • Questo quiz è stato fatto 3 volte
  • Il punteggio medio è 6 su 10

Statistiche sulle risposte

IndizioRisposta% Corretto
Colori socialiBianco, rosso
100%
SimboliLeone
100%
Trofei nazionali1 Coppa di Lega inglese
67%
Titoli nazionali4 Campionati inglesi di seconda divisione
67%
Divisione nazionale 2023-2024Seconda
67%
ConfederazioneUEFA
67%
Trofei internazionali0
33%
Fondazione1876
33%
Capienza Stadio34 968 posti
33%
SquadraMiddlesbrough
33%

Distribuzione punteggi

Percentile per numero di risposta

Percentuale di utenti per punteggio

I tuoi punteggi nel tempo

Non hai fatto questo quiz